00844nam a2200217Ia 4500008004100000020001800041041000800059082001400067245008400081250002200165300008600187500011400273650001200387650001500399700004000414264004900454336002700503337003300530338002800563040003500591170328s9999 xx 000 0 und d a9789586957014 aspa a579.5 B36 0aBiología de hongos /c María Caridad Cepero de García... [y otros cuatro] aPrimera edición a497 páginas :b ilustraciones, fotografías en color y blaco y negro ;c 28 cm aIncluye bibliografía, glosario e índice analítico. Incluye datos biográficos de las autoras en solapa a Hongos aMicologia  aCepero de García, María Caridad aBogotá :b Universidad de Los Andes,c2012 atextobtxt2rdacontent asin mediaciónbn2rdamedia avolumenbnc2rdacarrier aCO-BoRNBPbspaerdacCO-BoRNBP